000 00495nam a2200181Ia 4500
005 20250508151640.0
008 008 250505s9999 xx 000 0 eng d
037 _aTextual
040 _aFEDL
_beng
_cFEDL
041 _aeng
_2eng
084 _a822.8, BER
_qFEDL
100 _aBerkeley Reginald
_9759669
245 0 _aLady with a lamp
260 _aLondon, UK
_bLongmans, Green and Co.
_c1949
300 _axiv,75p.
942 _cTEXL
_h822.8, BER
999 _c1331141
_d1331141